000 00299nam a2200097Ia 4500
008 220204s9999 xx 000 0 und d
082 _a336.2(047)
_bREP
245 0 _aReport of the working group on central direct taxes administration
260 _aNew Delhi
_bManager of Publications
_c1969
942 _cBK
999 _c23847
_d23847